00679 2200169 4500245003100000020001800031250001100049100001700060650001700077005001900094260004000113041001400153084000800167300002700175500029800202336000900500 aRuwitacBagus TakwinhText a979-3654-95-3 aCet. 1 aBagus Takwin aNovel Remaja a20231003123416 aJakartabRajaGrafindo Persadac2005 aIndonesia a813 aiv, 168 hlm. :c20 cm. aNovel ini menyusuri kehidupan seorang perempuan yang berusaha mendefinisikan diri sendiri, mencoba memahami hiduo dan pengaruhnya terhadap perkembangan identitas diri. Dengan novel ini pembaca diajak masuk kedalam relung-relung pikiran dan perasaan tokoh utamanya, mengikuti pergulatan hidup. atext